00621nam a2200205 a 450000100060000000300080000600500170001400800410003103500190007204000260009104100080011708200280012524500840015326000380023730000220027550400400029765000360033770000220037370000200039543322BD-RjUL20211209053701.0160621s1969 nyu b 001 0 eng d a(BD-RjUL)43440 aBD-RjULbengcBD-RjUL aeng 223a370.19348bPOL 196904aThe politics of urban education /cedited by Marilyn Gittell and Alan G. Hevesi aNew York :bF. A. Praeger,cc1969 ax, 386 p ;c24 cm aIncludes bibliographical references 0aEducation, UrbanzUnited States1 aGittell, Marilyn.1 aHevesi, Alan G.